[Event "Hastings Masters"]
[Site "Horntye Centre, Hastings, "]
[Date "2012.01.03"]
[Round "7.32"]
[White "Bremner, Adam"]
[Black "Edwards, Jonathan"]
[Result "1-0"]
[WhiteElo "2195"]
[BlackElo "1825"]
[PlyCount "73"]
[EventDate "2012.??.??"]

1. Nf3 Nf6 2. g3 e6 3. Bg2 c5 4. c4 Nc6 5. O-O d5 6. cxd5 exd5 7. d4 Be7 8. Nc3
O-O 9. Bg5 Be6 10. dxc5 h6 11. Be3 Ng4 12. Bd4 Rc8 13. e3 f6 14. Nh4 Nge5 15.
f4 Nc4 16. b3 N4a5 17. a3 Qd7 18. Ng6 Rfd8 19. f5 Bf7 20. Nf4 Qxf5 21. Bh3 Qg5
22. Ne6 Bxe6 23. Bxe6+ Kh8 24. Rf5 Qg6 25. Bxc8 Rxc8 26. Rxd5 Ne5 27. Bxe5 fxe5
28. b4 Nc4 29. Qd3 Qg4 30. Qe4 Nxe3 31. Qxe3 Bg5 32. Qe4 Qh3 33. Rf1 Re8 34.
Rxe5 Rd8 35. Re8+ Rxe8 36. Qxe8+ Kh7 37. Qe4+ 1-0

[Event "Hastings Masters"]
[Site "Horntye Centre, Hastings, "]
[Date "2012.01.03"]
[Round "7.40"]
[White "Jaunooby, Ali R"]
[Black "Flynn, David"]
[Result "1-0"]
[WhiteElo "2144"]
[BlackElo "1978"]
[PlyCount "53"]
[EventDate "2012.??.??"]

1. d4 Nf6 2. c4 g6 3. g3 Bg7 4. Bg2 c6 5. e4 d6 6. Nc3 O-O 7. h3 e5 8. d5 c5 9.
Be3 a6 10. a4 Nbd7 11. Nge2 Nb6 12. b3 Ne8 13. g4 f5 14. gxf5 gxf5 15. exf5
Bxf5 16. Be4 Bxe4 17. Nxe4 Qh4 18. N2g3 Bh6 19. Qg4+ Qxg4 20. hxg4 Bxe3 21.
fxe3 Rd8 22. Nf5 Nc8 23. Rh6 Rf7 24. Ke2 Ne7 25. Nfxd6 Nxd6 26. Nxd6 Rg7 27.
Nxb7 1-0

[Event "Hastings Masters"]
[Site "Horntye Centre, Hastings, "]
[Date "2012.01.03"]
[Round "7.42"]
[White "Obsieger, Hendrik"]
[Black "Almond, Richard J"]
[Result "1/2-1/2"]
[WhiteElo "1869"]
[BlackElo "2115"]
[PlyCount "134"]
[EventDate "2012.??.??"]

1. e4 d5 2. exd5 Qxd5 3. Nf3 Bg4 4. Be2 Nc6 5. d4 O-O-O 6. Be3 e5 7. c4 Qa5+ 8.
Bd2 Bb4 9. d5 Bxf3 10. Bxf3 Nd4 11. Nc3 Qa6 12. Be2 Qg6 13. O-O Nf6 14. a3 Bd6
15. b4 e4 16. Be3 Nxe2+ 17. Nxe2 Ng4 18. Bf4 Bxf4 19. Nxf4 Qf5 20. Ne2 Qe5 21.
Ng3 f5 22. h3 Nf6 23. f4 exf3 24. Qxf3 g6 25. Qf2 Rhe8 26. Rfe1 Qc3 27. Rec1
Qd3 28. Kh2 Qe3 29. Qf1 f4 30. Nh1 g5 31. Re1 Qd2 32. Qf2 Qxf2 33. Nxf2 h5 34.
Kg1 Kd7 35. Nd3 Rxe1+ 36. Rxe1 Re8 37. Nc5+ Kc8 38. Rxe8+ Nxe8 39. Ne6 Nd6 40.
Nxg5 Nxc4 41. Ne6 Nxa3 42. Nxf4 Nc2 43. Kf2 Nxb4 44. Ke3 a5 45. Nxh5 a4 46. Kd2
Nxd5 47. g4 Kd8 48. Ng3 b5 49. g5 b4 50. Ne4 Nf4 51. h4 Ke7 52. Kc2 a3 53. Nf6
Ke6 54. Ne4 Kf5 55. Nc5 Kg6 56. Kb3 Kh5 57. Na6 Nd5 58. Nc5 Kg6 59. Ne4 c6 60.
Nc5 Kf5 61. Nd3 Kg4 62. g6 Kxh4 63. g7 Nf6 64. Nxb4 c5 65. Nd5 Ng8 66. Kxa3 Kg5
67. Nc3 Kg6 1/2-1/2

[Event "Hastings Masters"]
[Site "Horntye Centre, Hastings, "]
[Date "2012.01.03"]
[Round "7.46"]
[White "Sugden, John N"]
[Black "Lewicki, Pawel"]
[Result "1-0"]
[WhiteElo "2180"]
[BlackElo "1850"]
[PlyCount "45"]
[EventDate "2012.??.??"]

1. d4 Nf6 2. c4 g6 3. Nc3 Bg7 4. e4 d6 5. f3 O-O 6. Bg5 Nc6 7. Nge2 e5 8. d5
Ne7 9. g4 c6 10. Qd2 cxd5 11. cxd5 b5 12. Ng3 b4 13. Nd1 Qb6 14. h4 Re8 15. h5
Nexd5 16. hxg6 fxg6 17. Bc4 Be6 18. exd5 Bxd5 19. Bxd5+ Nxd5 20. Qxd5+ Kh8 21.
Ne4 Rac8 22. Nf6 h5 23. Nxe8 1-0

[Event "Hastings Masters"]
[Site "Horntye Centre, Hastings, "]
[Date "2012.01.03"]
[Round "7.53"]
[White "Pooley, Mark"]
[Black "Willson, Ollie"]
[Result "1/2-1/2"]
[WhiteElo "1608"]
[BlackElo "1664"]
[PlyCount "42"]
[EventDate "2012.??.??"]

1. e4 Nf6 2. d3 Nc6 3. Nf3 e5 4. Be2 Be7 5. c3 O-O 6. O-O d5 7. exd5 Nxd5 8. b4
a6 9. Bb2 Nf4 10. Re1 Bf5 11. d4 exd4 12. Nxd4 Nxd4 13. cxd4 Bxb4 14. Bc3 Nxe2+
15. Rxe2 Bd6 16. Nd2 b5 17. Nf3 Bg4 18. Qd3 c5 19. d5 Bxf3 20. Qxf3 Qh4 21. g3
Qg5 1/2-1/2

[Event "Hastings Masters"]
[Site "Horntye Centre, Hastings, "]
[Date "2012.01.03"]
[Round "7.55"]
[White "Van Veen, Wout"]
[Black "Rajesh, Gorak"]
[Result "0-1"]
[WhiteElo "1944"]
[BlackElo "1401"]
[PlyCount "166"]
[EventDate "2012.??.??"]

1. e4 c5 2. Nf3 d6 3. d4 cxd4 4. Nxd4 Nf6 5. Nc3 g6 6. f4 Nc6 7. Nxc6 bxc6 8.
e5 Bg4 9. Qd4 dxe5 10. Qxd8+ Rxd8 11. fxe5 Nd5 12. Bd3 Nxc3 13. bxc3 Bg7 14.
Bf4 Rd5 15. O-O O-O 16. Be4 Rc5 17. Rab1 Be2 18. Rfe1 Bb5 19. Rb4 a5 20. Rd4 a4
21. Rd7 Re8 22. Bg5 Rxe5 23. Bd2 f5 24. Bd3 Rxe1+ 25. Bxe1 Bxd3 26. cxd3 Kf7
27. d4 Ra8 28. Rc7 Ra6 29. Bd2 Rb6 30. h4 Rb2 31. Bg5 Bf6 32. Bxf6 Kxf6 33.
Rxc6+ Kf7 34. d5 Rxa2 35. Rc7 Rd2 36. Ra7 Rxd5 37. Rxa4 Rd3 38. Rc4 h6 39. Rc5
Kf6 40. c4 Rd4 41. g3 f4 42. g4 Rd2 43. h5 g5 44. Rc6+ Rd6 45. Rc8 Ke6 46. Rc7
Rd1+ 47. Kf2 Rd6 48. Kf3 Kf7 49. Ke4 Re6+ 50. Kf3 Ke8 51. Rc8+ Kd7 52. Rg8 Kc7
53. Rg7 Kc6 54. Rg6 Kd6 55. Kf2 Rf6 56. Rg7 Kc5 57. Rxe7 Kxc4 58. Rg7 Kd5 59.
Ra7 Rd6 60. Ra5+ Ke6 61. Ra3 Ke5 62. Kf3 Rc6 63. Ra5+ Kd4 64. Ra4+ Kd3 65. Ra3+
Rc3 66. Ra6 Kd4+ 67. Kf2 Rg3 68. Rxh6 Rxg4 69. Rg6 Ke5 70. Ra6 Rh4 71. Ra5+ Kf6
72. Ra6+ Kf5 73. h6 Kg4 74. Rg6 Rh3 75. Kg2 f3+ 76. Kg1 Rh5 77. Kf2 Rh2+ 78.
Kg1 f2+ 79. Kf1 Kf3 80. Rf6+ Kg3 81. Ke2 g4 82. Ra6 Rh1 83. Rf6 Re1+ 0-1